Pays qui ont 1 seul Frontalier - Statistiques

Statistiques générales
  • Ce quiz a été pris 121 fois
  • Le résultat moyen est 7 sur 8
Statistiques - réponses
Pays Seul frontalier % Correct
Canada Etats Unis
100%
Corée du sud Corée du nord
98%
Lesotho Afrique du sud
94%
République Dominicaine Haïti
86%
Haïti République Dominicaine
86%
Papouasie-Nouvelle-Guinée Indonésie
80%
Gambie Sénégal
77%
Brunei Malaisie
67%
Aucun quiz correspondant
Distribution des résultats
% des personnes avec chaque résultat
Percentile par nombre de réponses
Votre historique - résultats
Vous n’avez pas pris ce quiz